Run to win. (Record no. 12660)

000 -LEADER
fixed length control field 00513nam a2200181 a 4500
001 - CONTROL NUMBER
control field :::00010474$&:&@@
003 - CONTROL NUMBER IDENTIFIER
control field OkBaRHE
005 - DATE AND TIME OF LATEST TRANSACTION
control field 20000607103359.0
008 - FIXED-LENGTH DATA ELEMENTS--GENERAL INFORMATION
fixed length control field s1985 j 000 0 eng u
040 ## - CATALOGING SOURCE
Transcribing agency
100 1# - MAIN ENTRY--PERSONAL NAME
Personal name Lea, Larry.
245 10 - TITLE STATEMENT
Title Run to win.
260 ## - PUBLICATION, DISTRIBUTION, ETC. (IMPRINT)
Place of publication, distribution, etc Rockwall, TX., :
Name of publisher, distributor, etc Church on the Rock
Date of publication, distribution, etc c1985
300 ## - PHYSICAL DESCRIPTION
Extent 16 p. ;
Dimensions 14 cm.
650 ## - SUBJECT ADDED ENTRY--TOPICAL TERM
Topical term or geographic name as entry element Christian Life
942 ## - ADDED ENTRY ELEMENTS (KOHA)
Source of classification or shelving scheme
Koha item type Books
Copies
Koha item type Full call number Price effective from Permanent Location Not for loan Shelving location Date acquired Withdrawn status Date last seen Damaged status Barcode Source of classification or shelving scheme Lost status Copy number
BooksBV 4501 .L392010-04-14RHEMA Bible Training College General Stacks2010-04-14 2010-04-14 10474  1